00301nam a2200121Ia 4500008004100000082001800041100001700059245003300076250000800109260003000117300001000147650002200157150201s2007 xx 000 0 und d a617.6bD2007S aSATISH KUMAR aDENTAL PULSE-BASIC SCIENCE-1 a4TH bSAUNDERSaHYDERABADc2007 a1-574 aGENERAL DENTISTRY